The best test preparation for the CLEP, college-level Examination Program : history of the United States I early colonizations to 1877 (Record no. 35520)

MARC details
000 -LEADER
fixed length control field 00820nam a2200169Ia 4500
020 ## - INTERNATIONAL STANDARD BOOK NUMBER
ISBN 0878918965
050 ## - CALL MARK
Classification number E 178.25 .B46/
245 #4 - TITLE STATEMENT
Title The best test preparation for the CLEP, college-level Examination Program : history of the United States I early colonizations to 1877
260 ## - PUBLICATION, DISTRIBUTION, ETC. (IMPRINT)
Place of publication New Jersey
260 ## - PUBLICATION, DISTRIBUTION, ETC. (IMPRINT)
Name of publisher Research & Education Association
260 ## - PUBLICATION, DISTRIBUTION, ETC. (IMPRINT)
Year of publication 2002
300 ## - PHYSICAL DESCRIPTION
Number of Pages 344 p
650 ## - SUBJECT ADDED ENTRY--TOPICAL TERM
Topical Term College Entrance Examination Board. College-Level Examination Program--Periodicals. College-level examinations--Study guides--Periodicals. United States--History--Examinations, questions, etc.--Periodicals. United States--History--Examinations--Study guides--Periodicals. United States--History--Outlines, syllabi, etc.
942 ## - ADDED ENTRY ELEMENTS (KOHA)
Koha item type Books
Holdings
Withdrawn status Lost status Source of classification or shelving scheme Damaged status Not for loan Permanent Location Current Location Date acquired Accession Number Price effective from Koha item type
    Library of Congress Classification     NILE UNIVERSITY OF NIGERIA - MAIN LIBRARY NILE UNIVERSITY OF NIGERIA - MAIN LIBRARY 04/23/2025 0004161 04/23/2025 Books